| 000 | 01674nam a22002657a 4500 | ||
|---|---|---|---|
| 999 |
_c60620 _d60620 |
||
| 003 | Ge_BSU | ||
| 005 | 20230922113103.0 | ||
| 008 | 230922s2023 ge ||||| |||| 00| 0 geo d | ||
| 020 | _a9789941343513 | ||
| 041 | _ageo | ||
| 080 | _a811.353.1'282 ფ-32 | ||
| 100 |
_aფაღავა, მამია _919887 |
||
| 245 |
_aქართული ენის კლარჯული დიალექტი : _b(გამოკვლევა, მასალები, ლექსიკონი) / _cმამია ფაღავა, მერი ცინცაძე, მაია ბარამიძე; რედ. მამია ფაღავა; ბსუ. ჰუმანიტარულ მეცნიერებათა ფაკულტეტი. ქართველოლოგიის ცენტრი. |
||
| 250 | _aპირველი გამოცემა | ||
| 264 |
_aთბილისი : _bმერიდიანი, _c2023. |
||
| 300 |
_a566 გვ. ; _b24 სმ. |
||
| 500 | _aპარალ. სათაური. ინგლ. ენ. | ||
| 653 | _aკლარჯული დიალექტი | ||
| 653 | _aქართული ენა | ||
| 700 |
_aცინცაძე, მერი _eავტორი _91857 |
||
| 700 |
_aბარამიძე, მაია _eავტორი _93189 |
||
| 700 |
_aფაღავა, მამია _eრედაქტორი _919887 |
||
| 710 |
_aბსუ. ჰუმანიტარულ მეცნიერებათა ფაკულტეტი. _bქართველოლოგიის ცენტრი. _919888 |
||
| 942 |
_2udc _cBK |
||